000 00444nam a2200181Ia 4500
003 GCL
008 140319s9999 xx 000 0 eng d
020 _a0528842056
040 _aGCL /
_cGCL
082 0 4 _aCH
_b912
_bR C
245 1 0 _aCHILDREN'S ATLAS OF THE WORLD
260 _aنيويورك :
_bRAND MC NALLY & COMPANY ،
_c1998
300 _a28 CM ؛
_c109 P
650 0 4 _aMAPS
650 0 4 _aCHILDREN
650 0 4 _aATLAS
942 _2ddc
_cBK
999 _c981
_d981